Knowledge and Performance Management
Gespeichert in:
| Format: | Schriftenreihe |
|---|---|
| Sprache: | Englisch |
| Veröffentlicht: |
Sumy
LLC CPC Business Perspectives
|
| Tags: |
Keine Tags, Fügen Sie das erste Tag hinzu!
|
MARC
| LEADER | 00000nas1a2200000 4500 | ||
|---|---|---|---|
| 001 | 0296997 | ||
| 005 | 20250701092123.8 | ||
| 022 | |a 2543-5507 | ||
| 022 | |a 2616-3829 | ||
| 041 | 0 | |a eng | |
| 044 | |a UA | ||
| 245 | 1 | 0 | |a Knowledge and Performance Management |
| 264 | 1 | |a Sumy |b LLC CPC Business Perspectives | |